000 01002nam a22002777a 4500
003 CHAP
005 20220329134753.0
008 971013s1958 r 10010 d
010 _a25641
011 _a26613
035 _a30714
040 _cCHAP
082 _a323.35
_bC6
111 0 0 _aConference on Community Development and National Change (
_d1957
_c: Edicott House)
_926410
245 _aCommunity development and national change
_b: summary of conference, sponsored by Center of International Studies, Massachusetts Institute of Technology
260 _a(Washington :
_bInternational Cooperation Administration),
_c1958
300 _a70 p.
590 _aBATCH-UPD
_b10
_c20130110
_lUCH01
_h0054
590 _aBATCH-UPD
_b10
_c20130110
_lUCH01
_h2043
590 _aCONVERSION
_b10
_c20130109
_lUCH01
_h1315
650 1 4 _aDesarrollo de la comunidad.
_931967
700 0 _aSanders, Irvin T.
_9102035
901 _aBK
942 _cLIBRO
949 _a323.35 C6
_bBC
_cLIBRO
_d-71073
_eLIBRO
_i30714
_mD
_si
999 _c25641
_d25641